[Event "POLFINAL MISTRZOSTW POLSKI JUNIOROW 2019 - D15"]
[Site "Ustron"]
[Date "1899-12-30"]
[Round "1.1"]
[White "Czerwinska, Oliwia"]
[Black "Retz, Agnieszka"]
[Result "1/2-1/2"]
[WhiteTitle "I"]
[BlackTitle "II+"]
[WhiteElo "1366"]
[BlackElo "1221"]

1. e4 c5 2. c3 Nf6 3. e5 Nd5 4. d4 d6 5. Bb5+ Bd7 6. Bxd7+ Qxd7 7. exd6 Qxd6 8.
Nf3 Nc6 9. O-O e6 10. Na3 a6 11. Nc4 Qc7 12. Nce5 Bd6 13. Nxc6 Qxc6 14. dxc5 Qxc5
15. Qd4 Qxd4 16. Nxd4 O-O 17. Re1 Rfd8 18. Bg5 Rd7 19. Rad1 h6 20. Bc1 Rad8 21.
g3 Ne7 22. Rd2 Ng6 23. Nf3 Bc7 24. Red1 Rxd2 25. Rxd2 Rxd2 26. Bxd2 Ne5 27. Nxe5
Bxe5 28. Kf1 Kf8 29. Ke2 Ke7 30. Kd3 Kd6 31. b3 b6 32. Be3 Kc6 33. Bd4 Bxd4 34.
Kxd4 f6 35. a4 e5+ 36. Ke4 g6 37. g4 Kc5 38. h4 Kd6 39. f3 Ke6 40. b4 h5 41. gxh5
gxh5 42. c4 f5+ 1/2-1/2

[Event "POLFINAL MISTRZOSTW POLSKI JUNIOROW 2019 - D15"]
[Site "Ustron"]
[Date "1899-12-30"]
[Round "1.2"]
[White "Szymura, Oliwia"]
[Black "Matyjasek, Michalina"]
[Result "0-1"]
[WhiteTitle "II"]
[BlackTitle "I"]
[WhiteElo "1187"]
[BlackElo "1366"]

1. e4 c5 2. Nc3 Nc6 3. g3 g6 4. Bg2 Bg7 5. d3 d6 6. Be3 e6 7. Qd2 Rb8 8. Nge2 Nd4
9. Nc1 Ne7 10. Nd1 O-O 11. c3 Ndc6 12. Bh6 d5 13. Bxg7 Kxg7 14. Ne2 b6 15. O-O
Ba6 16. f4 dxe4 17. Bxe4 Qd6 18. Nf2 Rbd8 19. Rad1 Rd7 20. Qe3 f5 21. Bg2 Nd5
22. Qf3 e5 23. c4 Nde7 24. Rfe1 Rfd8 25. h3 Nb4 26. a3 Nc2 27. Rf1 Bb7 28. fxe5
Bxf3 29. exd6 Bxg2 30. Kxg2 Ne3+ 31. Kf3 Nxf1 32. dxe7 Nh2+ 33. Kg2 Rxe7 34. Nf4
g5 35. Nd5 Re2 36. b4 g4 37. Nf4 gxh3+ 38. Kxh2 Rxf2+ 39. Kg1 Rxf4 40. gxf4 Rd4
41. Kh2 Rxf4 42. Kxh3 Rd4 43. Kg2 h5 44. Kf3 h4 45. a4 cxb4 46. Ke3 Rg4 47. d4
h3 48. Rh1 Rh4 49. d5 Rxc4 50. d6 Kf7 51. Re1 Re4+ 52. Kd2 Rxe1 53. Kxe1 Ke6 54.
Kf2 b3 55. Kg3 b2 56. Kxh3 b1=Q 57. Kg3 Qd3+ 58. Kf2 Qxd6 59. a5 bxa5 60. Ke3
Ke5 61. Kf3 Qd3+ 62. Kf2 Qe4 63. Kg3 a4 64. Kf2 Kf4 65. Kf1 Kg3 66. Kg1 Qg2# 0-1

[Event "POLFINAL MISTRZOSTW POLSKI JUNIOROW 2019 - D15"]
[Site "Ustron"]
[Date "1899-12-30"]
[Round "1.3"]
[White "Nowak, Roksana"]
[Black "Pieczewska, Gabriela"]
[Result "1-0"]
[WhiteTitle "I"]
[BlackTitle "I"]
[WhiteElo "1358"]
[BlackElo "1184"]

1. e4 e6 2. d4 d5 3. Nc3 Nf6 4. Bg5 Bb4 5. e5 h6 6. exf6 hxg5 7. fxg7 Rg8 8. Qh5
Qf6 9. Nf3 Qxg7 10. Qg4 Nd7 11. h4 gxh4 12. Qxh4 Nf6 13. O-O-O Bxc3 14. bxc3 Bd7
15. Ne5 O-O-O 16. Qf4 Ne4 17. Kb2 f6 18. Nxd7 Rxd7 19. c4 Qf8 20. c5 Rdg7 21.
Qe3 Qd8 22. f3 Ng5 23. Qa3 Kb8 24. Rd3 c6 25. Rb3 Qc7 26. Qa4 e5 27. Ba6 b5 28.
cxb6 axb6 29. Rh6 Ne6 30. Qb4 b5 31. Rxf6 Nxd4 32. Rf8+ Rxf8 33. Qxf8+ Ka7 34.
Ra3 Qe7 35. Bxb5+ Kb6 36. Qb8+ Qb7 37. Qxb7+ Kxb7 38. Bf1 e4 39. fxe4 dxe4 40.
Ra4 c5 41. c3 Ne6 42. Rxe4 Rg6 43. g4 1-0

[Event "POLFINAL MISTRZOSTW POLSKI JUNIOROW 2019 - D15"]
[Site "Ustron"]
[Date "1899-12-30"]
[Round "1.4"]
[White "Zajac, Aleksandra"]
[Black "Bienko, Jagoda"]
[Result "1/2-1/2"]
[WhiteTitle "II"]
[BlackTitle "I"]
[WhiteElo "1162"]
[BlackElo "1350"]

1. e4 c5 2. Nc3 Nc6 3. g3 g6 4. Bg2 Bg7 5. d3 d6 6. Be3 Bd7 7. Qd2 e6 8. Nge2 Nd4
9. O-O Ne7 10. h3 O-O 11. g4 Rb8 12. Rfc1 b5 13. Nd1 Nec6 14. c3 Nxe2+ 15. Qxe2
b4 16. Qd2 a5 17. Bh6 bxc3 18. bxc3 Rb5 19. Bxg7 Kxg7 20. Rab1 Qb6 21. Qc2 Rb8
22. Rxb5 Qxb5 23. Bf1 Ne5 24. Be2 Qa4 25. f4 Qxc2 26. Rxc2 Ba4 27. Rb2 Nc6 28.
Rxb8 Nxb8 29. Nb2 Bb5 30. Kf2 Kf6 31. h4 Ke7 32. Ke3 Nc6 33. Bd1 h6 34. g5 h5
35. Ba4 Bxa4 36. Nxa4 Kd7 37. Nb6+ Kc7 38. Nc4 Kd7 39. Nb6+ Ke7 40. Nc8+ Kd7 41.
Nb6+ Kc7 42. Nc4 d5 43. exd5 exd5 44. Ne5 Nxe5 45. fxe5 Kd7 46. a4 Ke7 47. d4
c4 48. Kf3 Ke6 49. Kf4 1/2-1/2

[Event "POLFINAL MISTRZOSTW POLSKI JUNIOROW 2019 - D15"]
[Site "Ustron"]
[Date "1899-12-30"]
[Round "1.5"]
[White "Czernikowska, Laura"]
[Black "Rozumek, Paulina"]
[Result "1-0"]
[WhiteTitle "WCM"]
[BlackTitle "II"]
[WhiteElo "1349"]
[BlackElo "1151"]

1. d4 c6 2. c4 d5 3. e3 Bf5 4. Nc3 e6 5. a3 Nf6 6. Nf3 Nbd7 7. Be2 Be7 8. O-O O-O
9. Nh4 Be4 10. Nxe4 Nxe4 11. Nf3 b6 12. Qc2 Ndf6 13. b3 a5 14. Bb2 Qc7 15. Rac1
Rfe8 16. cxd5 exd5 17. Qxc6 Qxc6 18. Rxc6 Rab8 19. h3 h6 20. Rfc1 Red8 21. Kf1
b5 22. R6c2 b4 23. a4 Rb6 24. Ne5 Bf8 25. Ke1 Nd7 26. Nxd7 Rxd7 27. Rc8 Nd6 28.
Ra8 g6 29. Rxa5 Nf5 30. Ra8 Ne7 31. f3 Rbb7 32. Kd2 Ra7 33. Rxa7 Rxa7 34. Bb5
Kg7 35. g4 Ra8 36. e4 Rd8 37. Ke3 g5 38. Rc7 Kg8 39. Bc1 Ng6 40. Kd3 dxe4+ 41.
fxe4 Bd6 42. Rc6 Bf4 43. Bxf4 Nxf4+ 44. Ke3 Kg7 45. Bf1 Re8 46. e5 Re7 47. Ke4
Rd7 48. a5 Ne6 49. d5 Nd8 50. Rd6 1-0

[Event "POLFINAL MISTRZOSTW POLSKI JUNIOROW 2019 - D15"]
[Site "Ustron"]
[Date "1899-12-30"]
[Round "1.6"]
[White "Rodzik, Malgorzata"]
[Black "Szewczyk, Malwina"]
[Result "0-1"]
[WhiteTitle "II"]
[BlackTitle "I"]
[WhiteElo "1138"]
[BlackElo "1332"]

1. d4 Nf6 2. Bg5 g6 3. e3 Bg7 4. Bd3 d5 5. Nf3 c5 6. c3 b6 7. Nbd2 O-O 8. Ne5 Bb7
9. f4 Ne4 10. Bh4 Nd7 11. O-O Nxe5 12. fxe5 Bh6 13. Qe2 cxd4 14. cxd4 Rc8 15.
Rac1 Rxc1 16. Rxc1 f5 17. Nf3 f4 18. exf4 Rxf4 19. Rf1 Qf8 20. Be1 Qf7 21. Bd2
Nxd2 22. Nxd2 Rxf1+ 23. Nxf1 Qf4 24. Qf2 Qg4 25. Be2 Qe6 26. Ne3 Bxe3 27. Qxe3
Qf5 28. Bd3 Qe6 29. Qf2 Kg7 30. g3 Bc6 31. h4 Qg4 32. Be2 Qe4 33. Bf3 Qb1+ 34.
Kg2 Qxa2 35. Bg4 Qb1 36. Be6 Qe4+ 37. Kh3 Qh1+ 38. Kg4 Qe4+ 39. Kh3 Be8 40. Kh2
b5 41. Bg4 Qxg4 42. Qd2 Qe6 43. Qa5 a6 44. Qd2 Bd7 45. Kg1 Qg4 46. Qc3 h5 47.
Kf2 Qe4 48. Qd2 Bh3 49. Kg1 Qf3 50. Kh2 Bf1 51. Qc2 Be2 52. Qd2 Qf2+ 53. Kh3 Bg4#
0-1

[Event "POLFINAL MISTRZOSTW POLSKI JUNIOROW 2019 - D15"]
[Site "Ustron"]
[Date "1899-12-30"]
[Round "1.7"]
[White "Kulpa, Karolina"]
[Black "Kokoszka, Alicja"]
[Result "1/2-1/2"]
[WhiteTitle "I"]
[BlackTitle "II"]
[WhiteElo "1319"]
[BlackElo "1135"]

1. d4 d5 2. c4 e6 3. Nc3 Nf6 4. Nf3 Bb4 5. Bg5 Nbd7 6. e3 c6 7. Nd2 Bxc3 8. bxc3
Qa5 9. Qc2 O-O 10. Bd3 dxc4 11. Bxh7+ Nxh7 12. Bf4 b5 13. O-O Qd8 14. Rfb1 f5
15. h3 g5 16. Bh2 Qf6 17. a4 Ba6 18. Rb4 f4 19. e4 Qg6 20. f3 Ndf6 21. Qa2 Rf7
22. axb5 Bxb5 23. Nxc4 Qh6 24. Ne5 Re7 25. c4 Nf8 26. cxb5 cxb5 27. Rxb5 Rh7 28.
Ra5 Kh8 29. Qe2 Qh4 30. Qf2 Qh6 31. d5 exd5 32. exd5 Qg7 33. Nc6 Nxd5 34. Rxa7
Rxa7 35. Rxa7 Qc3 36. Rxh7+ Kxh7 37. Qa7+ Kg8 38. Ne7+ Nxe7 39. Qxe7 Qc1+ 40.
Kf2 Qd2+ 41. Qe2 Qd4+ 42. Kf1 Qa1+ 43. Qe1 Qxe1+ 44. Kxe1 Kf7 45. Ke2 Ng6 46.
Bg1 Nh4 47. Kf1 Kg6 48. Bf2 Nf5 49. Ke2 Kf6 50. Kd3 Ke5 51. Kd2 Kd6 52. Kc3 Ke5
53. Kc4 Kd6 54. Kd3 Kd5 55. Ke2 Ke5 56. Kf1 Ne3+ 57. Kg1 Nf5 58. Kh2 Nh4 59. Bxh4
gxh4 60. Kg1 Kd4 61. Kf2 Kd3 62. Kf1 Ke3 63. Ke1 Kd3 64. Kd1 1/2-1/2

[Event "POLFINAL MISTRZOSTW POLSKI JUNIOROW 2019 - D15"]
[Site "Ustron"]
[Date "1899-12-30"]
[Round "1.8"]
[White "Buchta, Alicja"]
[Black "Zablocka, Marta"]
[Result "0-1"]
[WhiteTitle "II"]
[BlackTitle "I"]
[WhiteElo "1107"]
[BlackElo "1315"]

1. c4 e5 2. Nc3 Nf6 3. g3 d5 4. cxd5 Nxd5 5. Bg2 Nb6 6. a3 Nc6 7. d3 h5 8. Nf3
Be7 9. h4 Bg4 10. Nh2 Qd7 11. Nxg4 hxg4 12. Ne4 f6 13. Be3 Nd4 14. b4 O-O-O 15.
Rc1 Qd5 16. Bxd4 exd4 17. Kf1 Qf7 18. Qc2 Rd7 19. Nc5 Bxc5 20. Qxc5 Kb8 21. Ra1
Nd5 22. b5 Rh5 23. Qxd4 Re5 24. Qb2 Rde7 25. Re1 f5 26. Qd2 f4 27. gxf4 Nxf4 28.
e4 Rxb5 29. a4 Rb3 30. Qc2 Nxd3 31. Rd1 Rd7 32. Ra1 Rb2 0-1

[Event "POLFINAL MISTRZOSTW POLSKI JUNIOROW 2019 - D15"]
[Site "Ustron"]
[Date "1899-12-30"]
[Round "1.9"]
[White "Cieslak, Jessica"]
[Black "Dumin, Monika"]
[Result "1-0"]
[WhiteTitle "I"]
[BlackTitle "II"]
[WhiteElo "1304"]
[BlackElo "1089"]

1. d4 d5 2. c4 e6 3. Nf3 Nf6 4. Nc3 Bb4 5. Bd2 O-O 6. e3 b6 7. a3 Bxc3 8. Bxc3
Nbd7 9. b4 Bb7 10. c5 c6 11. Bd3 Re8 12. Qc2 Nf8 13. Ne5 Qc7 14. f4 g6 15. g4
Qe7 16. h4 Rec8 17. h5 Rc7 18. h6 Bc8 19. f5 exf5 20. gxf5 Bxf5 21. Bxf5 gxf5
22. Qxf5 Ng6 23. Rg1 Ne4 24. Bb2 Qf6 25. Qxf6 Nxf6 26. Ke2 Kf8 27. Raf1 Ke7 28.
Rg5 Ke6 29. Rgf5 Ne4 30. R5f3 Nxe5 31. dxe5 Rf8 32. cxb6 axb6 33. Rg1 f6 34. Rg7
Rcf7 35. exf6 Nxf6 36. Bxf6 Rxf6 37. Rxf6+ Kxf6 38. Rxh7 Kg6 39. Rc7 Kxh6 40.
Rxc6+ Kg7 41. Rxb6 Ra8 42. Rd6 Rxa3 43. Rxd5 Rb3 44. Rb5 Kf7 45. Rb8 Ke7 46. b5
Kd7 47. b6 Kc6 48. Kf3 Rxb6 49. Rxb6+ Kxb6 50. Ke4 Kc7 51. Kd5 Kd7 52. e4 Ke7
53. Ke5 Kf7 54. Kd6 1-0

[Event "POLFINAL MISTRZOSTW POLSKI JUNIOROW 2019 - D15"]
[Site "Ustron"]
[Date "1899-12-30"]
[Round "1.10"]
[White "Kowalska, Julia"]
[Black "Franek, Diana"]
[Result "0-1"]
[WhiteTitle "II"]
[BlackTitle "I"]
[WhiteElo "1055"]
[BlackElo "1299"]

1. e4 e5 2. Nf3 Nc6 3. Nc3 Nf6 4. Bb5 d6 5. d4 exd4 6. Qxd4 Bd7 7. Qd3 h6 8. O-O
Be7 9. Re1 Ne5 10. Nxe5 dxe5 11. Qg3 Bxb5 12. Nxb5 a6 13. Nc3 Rg8 14. Qxe5 Qd7
15. Rd1 Qc6 16. Bf4 Rc8 17. h3 Qc5 18. Qxc5 Bxc5 19. e5 Nd7 20. Rd3 Nb6 21. Re1
c6 22. Ne4 Nd5 23. Nd6+ Bxd6 24. exd6+ Kd7 25. Bg3 Rge8 26. Rxe8 Rxe8 27. c4 Nf6
28. f3 Re2 29. Rb3 Kc8 30. Bf2 Rd2 31. Bc5 Nd7 32. Bb4 Rd1+ 33. Kf2 c5 34. Bc3
f6 35. Be1 Rxd6 36. Re3 Kd8 37. Rb3 b6 38. a4 a5 39. Re3 Ne5 40. b3 Kd7 41. Ke2
Nc6 42. Rd3 Nd4+ 43. Kf1 Ke7 44. Bf2 Nc2 45. Rc3 Nb4 46. Bg3 Re6 47. Kf2 Kd7 48.
Re3 Rxe3 49. Kxe3 Nc2+ 50. Kd3 Nd4 51. Bf2 Nxb3 52. Kc3 Nc1 53. Kd2 Na2 54. Bg3
Nb4 55. Ke3 Nc2+ 56. Kd3 Nd4 57. Bf2 Nf5 58. g4 Ne7 59. Bg3 f5 60. Ke3 g5 61.
h4 f4+ 62. Bxf4 gxf4+ 63. Kxf4 Ke6 64. g5 h5 65. Ke4 Ng6 66. f4 Nxh4 0-1

[Event "POLFINAL MISTRZOSTW POLSKI JUNIOROW 2019 - D15"]
[Site "Ustron"]
[Date "1899-12-30"]
[Round "2.1"]
[White "Matyjasek, Michalina"]
[Black "Cieslak, Jessica"]
[Result "0-1"]
[WhiteTitle "I"]
[BlackTitle "I"]
[WhiteElo "1366"]
[BlackElo "1304"]

1. d4 d5 2. c4 dxc4 3. e3 c5 4. Nf3 Bg4 5. Bxc4 e6 6. O-O Nc6 7. dxc5 Qxd1 8. Rxd1
Bxc5 9. Nbd2 O-O-O 10. Rf1 Nf6 11. a3 Bf5 12. b4 Bb6 13. Bb2 h6 14. Rfc1 Kb8 15.
Nb3 Bd3 16. Ne5 Nxe5 17. Bxe5+ Ka8 18. a4 a6 19. Nd4 Bxc4 20. Rxc4 Ng4 21. Bc7
Bxc7 22. Rxc7 Ne5 23. f4 Rd7 24. Rac1 Kb8 25. Rxd7 Nxd7 26. Kf2 Rc8 27. Rxc8+
Kxc8 28. e4 Kc7 29. Ke3 g6 30. h3 Kd6 31. g4 e5 32. Nf3 b6 33. Nd2 b5 34. a5 exf4+
35. Kxf4 Ne5 36. Ke3 Nc6 37. Nb3 0-1

[Event "POLFINAL MISTRZOSTW POLSKI JUNIOROW 2019 - D15"]
[Site "Ustron"]
[Date "1899-12-30"]
[Round "2.2"]
[White "Zablocka, Marta"]
[Black "Nowak, Roksana"]
[Result "1-0"]
[WhiteTitle "I"]
[BlackTitle "I"]
[WhiteElo "1315"]
[BlackElo "1358"]

1. e4 a6 2. Nf3 b5 3. c4 bxc4 4. Bxc4 e6 5. d4 Bb7 6. Nc3 Nf6 7. e5 Nd5 8. Nxd5
Bxd5 9. Bxd5 exd5 10. Qb3 Nc6 11. Qxd5 Nb4 12. Qc4 c6 13. O-O Be7 14. Nd2 Nd5
15. Ne4 a5 16. Nc3 Nb6 17. Qe2 O-O 18. Qg4 Kh8 19. Rd1 d5 20. Ne2 f5 21. Qf3 a4
22. Nf4 Qd7 23. Qh3 Kg8 24. Qg3 Kh8 25. Nd3 Qa7 26. Bg5 Bxg5 27. Qxg5 Nc4 28.
Qh4 Kg8 29. h3 Qb7 30. Rab1 Qa7 31. b3 Na3 32. Rbc1 axb3 33. axb3 Qb6 34. Nc5
Rfe8 35. Qg5 Ra7 36. Qxf5 Rf7 37. Qg4 Qc7 38. f4 Kh8 39. Ne6 Qb7 40. Ng5 Rff8
41. f5 Qd7 42. e6 Qc7 43. Nf7+ Kg8 44. f6 g6 45. Nh6+ Kh8 46. f7 Re7 47. Re1 Qd6
48. Re2 Nb5 49. Rce1 Nc7 50. Qf3 Kg7 51. Ng8 Rfxf7 52. exf7 Rxf7 53. Re7 Rxe7
54. Rxe7+ Kh8 55. Qf7 1-0

[Event "POLFINAL MISTRZOSTW POLSKI JUNIOROW 2019 - D15"]
[Site "Ustron"]
[Date "1899-12-30"]
[Round "2.3"]
[White "Franek, Diana"]
[Black "Czernikowska, Laura"]
[Result "1-0"]
[WhiteTitle "I"]
[BlackTitle "WCM"]
[WhiteElo "1299"]
[BlackElo "1349"]

1. e4 c5 2. Nf3 e6 3. d4 cxd4 4. Nxd4 Nc6 5. Be3 Nf6 6. Nd2 Be7 7. Nxc6 bxc6 8.
Bd3 Qc7 9. O-O d5 10. f4 e5 11. f5 a5 12. h3 Ba6 13. Rf3 Bxd3 14. cxd3 Rd8 15.
Qe2 Qb7 16. b3 Qb5 17. Re1 Nd7 18. d4 Qb4 19. exd5 cxd5 20. dxe5 Nxe5 21. Rf4
Qb8 22. Bd4 Nc6 23. Rg4 Kd7 24. Rxg7 Nxd4 25. Qxe7+ Kc6 26. Rc1+ Kb6 27. Qc5+
Ka6 28. Qxd4 Rc8 29. Qf6+ Qb6+ 30. Qxb6+ Kxb6 31. Rxc8 Rxc8 32. Rxf7 Rc7 33. Rxc7
Kxc7 34. Kf2 Kd6 35. Nf3 Ke7 36. Ke3 Kf6 37. g4 h6 38. Kd4 Ke7 39. Kxd5 Kd7 40.
f6 a4 41. Ne5+ Ke8 42. Ke6 axb3 43. axb3 Kf8 44. Ng6+ Kg8 45. f7+ Kh7 46. f8=Q
h5 47. Kf6 h4 48. Qg7# 1-0

[Event "POLFINAL MISTRZOSTW POLSKI JUNIOROW 2019 - D15"]
[Site "Ustron"]
[Date "1899-12-30"]
[Round "2.4"]
[White "Szewczyk, Malwina"]
[Black "Czajkowska, Paulina"]
[Result "1/2-1/2"]
[WhiteTitle "I"]
[BlackTitle "II"]
[WhiteElo "1332"]
[BlackElo "1224"]

1. d4 Nf6 2. e3 g6 3. Nf3 d5 4. Bd3 Bg7 5. O-O O-O 6. Ne5 Nbd7 7. f4 Nxe5 8. fxe5
Ne4 9. Bxe4 dxe4 10. Nd2 Qd5 11. c4 Qe6 12. Rf4 f6 13. exf6 Rxf6 14. Rxe4 Qf7
15. Qe2 Bf5 16. Rf4 Bh6 17. Rf1 Rf8 18. Nf3 Be4 19. Bd2 g5 20. Ne5 Rxf1+ 21. Rxf1
Qxf1+ 22. Qxf1 Rxf1+ 23. Kxf1 Bg7 24. Nf3 g4 25. Ne1 Kf7 26. Kf2 Kf6 27. Kg3 Kg5
28. h3 h5 29. h4+ Kf5 30. b4 Bf8 31. a4 e6 32. Kf2 Be7 33. g3 1/2-1/2

[Event "POLFINAL MISTRZOSTW POLSKI JUNIOROW 2019 - D15"]
[Site "Ustron"]
[Date "1899-12-30"]
[Round "2.5"]
[White "Kot, Ewelina"]
[Black "Czerwinska, Oliwia"]
[Result "1/2-1/2"]
[WhiteTitle "I"]
[BlackTitle "I"]
[WhiteElo "1239"]
[BlackElo "1366"]

1. e4 e5 2. Bc4 Nc6 3. Nf3 Bc5 4. O-O d6 5. d3 Nf6 6. Bg5 h6 7. Bh4 g5 8. Bg3 Bg4
9. Nbd2 Nh5 10. Kh1 Qf6 11. h3 Bxf3 12. Qxf3 Qxf3 13. Nxf3 Nd4 14. Nxd4 Bxd4 15.
c3 Bb6 16. b4 Rf8 17. Bh2 a5 18. b5 Ng7 19. g4 Ne6 20. Bxe6 fxe6 21. f3 Be3 22.
c4 b6 23. a4 Kd7 24. Kg2 Rh8 25. Rad1 Raf8 26. Bg1 Bxg1 27. Kxg1 Ke7 28. Kg2 Rf7
29. Rd2 Kf6 30. Rdf2 Kg6 31. Kg3 Rf4 1/2-1/2

[Event "POLFINAL MISTRZOSTW POLSKI JUNIOROW 2019 - D15"]
[Site "Ustron"]
[Date "1899-12-30"]
[Round "2.6"]
[White "Bienko, Jagoda"]
[Black "Reszka, Zofia"]
[Result "1/2-1/2"]
[WhiteTitle "I"]
[BlackTitle "I"]
[WhiteElo "1350"]
[BlackElo "1258"]

1. d4 Nf6 2. c4 e6 3. Nf3 Be7 4. g3 b6 5. Bg2 Bb7 6. O-O O-O 7. Nc3 Ne4 8. Nxe4
Bxe4 9. Nh4 Bxg2 10. Nxg2 f5 11. d5 Bf6 12. dxe6 dxe6 13. Nf4 Qe7 14. Rb1 g6 15.
b3 Rd8 16. Qc2 Nc6 17. Bb2 Nb4 18. Bxf6 Qxf6 19. Qb2 Qxb2 20. Rxb2 e5 21. Ne6
Rd7 22. Ng5 Rad8 23. a3 Nc6 24. b4 Rd2 25. Rfb1 Rxb2 26. Rxb2 Rd1+ 27. Kg2 Ra1
28. Ne6 Rxa3 29. Nxc7 Rc3 30. c5 bxc5 31. b5 Nb4 32. Ne6 Nc2 33. Ra2 Na3 34. Nxc5
Nxb5 35. Nd7 e4 36. Ra5 Rb3 37. Ne5 Kg7 38. Nc6 Rb2 39. Nxa7 Nc3 40. Nc6 Rxe2
41. Ra7+ Kh6 42. Ra1 e3 43. Rf1 Ne4 44. Nd4 Rxf2+ 45. Rxf2 exf2 46. Nc6 Kh5 47.
Ne5 g5 48. Nd3 h6 49. Nxf2 Nxf2 50. Kxf2 Kg4 51. Kg2 f4 52. gxf4 Kxf4 53. Kf2
h5 54. Ke2 h4 55. Kf2 Ke4 56. Ke2 g4 57. Kf2 Kd3 58. Kf1 Ke3 59. Kg1 Kf3 60. Kh1
g3 61. h3 Ke2 62. Kg2 1/2-1/2

[Event "POLFINAL MISTRZOSTW POLSKI JUNIOROW 2019 - D15"]
[Site "Ustron"]
[Date "1899-12-30"]
[Round "2.8"]
[White "Retz, Agnieszka"]
[Black "Zajac, Aleksandra"]
[Result "1/2-1/2"]
[WhiteTitle "II+"]
[BlackTitle "II"]
[WhiteElo "1221"]
[BlackElo "1162"]

1. e4 c6 2. d4 d5 3. Nc3 g6 4. Nf3 Bg7 5. h3 Nf6 6. Bd3 dxe4 7. Nxe4 Nxe4 8. Bxe4
Be6 9. c3 O-O 10. O-O Bd5 11. Re1 Bxe4 12. Rxe4 e6 13. Bf4 Nd7 14. Qd2 Re8 15.
Rae1 Qa5 16. b3 Nf6 17. R4e2 Nd5 18. c4 Qxd2 19. Bxd2 Ne7 20. Bf4 Red8 21. Be5
Nf5 22. Rd2 Rd7 23. Red1 Rad8 24. Kf1 Bxe5 25. dxe5 Rxd2 26. Rxd2 Rxd2 27. Nxd2
Nd4 28. Ne4 b5 29. Nd6 a6 30. Ne8 bxc4 31. bxc4 Kf8 1/2-1/2

[Event "POLFINAL MISTRZOSTW POLSKI JUNIOROW 2019 - D15"]
[Site "Ustron"]
[Date "1899-12-30"]
[Round "2.9"]
[White "Kokoszka, Alicja"]
[Black "Pacho, Maria"]
[Result "0-1"]
[WhiteTitle "II"]
[BlackTitle "II"]
[WhiteElo "1135"]
[BlackElo "1223"]

1. e4 c5 2. Nf3 Nc6 3. Bb5 g6 4. Nc3 Bg7 5. O-O d6 6. h3 Bd7 7. Bxc6 bxc6 8. d3
h6 9. Nh2 Nf6 10. f4 O-O 11. Qf3 e6 12. g4 Nh7 13. Qg3 Rb8 14. Kh1 Kh8 15. h4
Qe7 16. g5 h5 17. Kg2 Qd8 18. Rh1 Qa5 19. e5 dxe5 20. fxe5 Qc7 21. Nf3 Rg8 22.
Ne4 c4 23. Nf6 Rgf8 24. b3 cxd3 25. cxd3 c5 26. Be3 Bc6 27. Rhf1 Rfd8 28. Rad1
Bb5 29. Rf2 Bxd3 30. Rfd2 Bf5 31. Rxd8+ Rxd8 32. Rxd8+ Qxd8 33. Bxc5 Qc7 34. b4
Nf8 35. Ne8 Qb7 36. Nd6 Qd7 37. Nd4 Kg8 38. Qe3 Qa4 39. a3 Nd7 40. N4xf5 gxf5
41. Bxa7 Bxe5 42. Bb8 Qc2+ 43. Kg1 Qd1+ 44. Kg2 Bxd6 45. Bxd6 Qxd6 46. Qc3 Qd5+
47. Kh2 Ne5 0-1

[Event "POLFINAL MISTRZOSTW POLSKI JUNIOROW 2019 - D15"]
[Site "Ustron"]
[Date "1899-12-30"]
[Round "2.10"]
[White "Dumin, Monika"]
[Black "Szymura, Oliwia"]
[Result "0-1"]
[WhiteTitle "II"]
[BlackTitle "II"]
[WhiteElo "1089"]
[BlackElo "1187"]

1. e4 c6 2. d4 d5 3. exd5 cxd5 4. Nf3 Nf6 5. Nc3 Bg4 6. h3 Bh5 7. Be2 e6 8. O-O
Be7 9. Qd3 O-O 10. Ne5 Bxe2 11. Nxe2 Nbd7 12. Qg3 Ne4 13. Qf3 Nxe5 14. dxe5 Qc7
15. Nc3 Qxe5 16. Nxe4 Qxe4 17. Qxe4 dxe4 18. c3 Rfd8 19. Re1 h6 20. Bf4 f5 21.
Rad1 Rxd1 22. Rxd1 Rd8 23. Rxd8+ Bxd8 24. Be3 a6 25. Kf1 Kf7 26. g3 e5 27. Kg2
Bg5 28. h4 Bxe3 29. fxe3 Ke6 30. Kf2 g5 31. hxg5 hxg5 32. b3 f4 33. gxf4 exf4
34. c4 Kf5 35. b4 g4 36. a4 g3+ 37. Ke2 f3+ 38. Kf1 Kg4 39. b5 axb5 40. cxb5 Kh3
41. a5 Kh2 42. a6 g2+ 43. Ke1 g1=Q+ 44. Kd2 bxa6 45. bxa6 Qf2+ 46. Kc3 Qxe3+ 47.
Kc4 f2 48. Kb4 f1=Q 0-1

[Event "POLFINAL MISTRZOSTW POLSKI JUNIOROW 2019 - D15"]
[Site "Ustron"]
[Date "1899-12-30"]
[Round "2.11"]
[White "Pieczewska, Gabriela"]
[Black "Buchta, Alicja"]
[Result "0-1"]
[WhiteTitle "I"]
[BlackTitle "II"]
[WhiteElo "1184"]
[BlackElo "1107"]

1. c4 e5 2. Nc3 Nf6 3. g3 d5 4. cxd5 Nxd5 5. Bg2 Nb6 6. e3 Nc6 7. Nge2 Be7 8. d4
exd4 9. exd4 O-O 10. Bf4 Bb4 11. O-O a6 12. a3 Bd6 13. Bxd6 Qxd6 14. Re1 Bg4 15.
h3 Bf5 16. d5 Ne7 17. Qd4 Rab8 18. b4 Nd7 19. Nf4 c5 20. bxc5 Nxc5 21. Rab1 Bxb1
22. Rxb1 b5 23. Ne4 Nxe4 24. Bxe4 Rfd8 25. Rb3 Qb6 26. Qxb6 Rxb6 27. Rd3 Rbd6
28. h4 h6 29. Kg2 f5 30. Bf3 g5 31. hxg5 hxg5 32. Ne6 Rxe6 33. dxe6 Rxd3 0-1

[Event "POLFINAL MISTRZOSTW POLSKI JUNIOROW 2019 - D15"]
[Site "Ustron"]
[Date "1899-12-30"]
[Round "2.12"]
[White "Rozumek, Paulina"]
[Black "Kowalska, Julia"]
[Result "1/2-1/2"]
[WhiteTitle "II"]
[BlackTitle "II"]
[WhiteElo "1151"]
[BlackElo "1055"]

1. f4 d5 2. Nf3 Nc6 3. b3 Nf6 4. Bb2 Bg4 5. e3 e6 6. Bb5 Bc5 7. Qe2 O-O 8. d3 a6
9. Bxc6 bxc6 10. Nbd2 h6 11. O-O-O Qd6 12. h3 Bxf3 13. Nxf3 Ba3 14. g4 Bxb2+ 15.
Kxb2 a5 16. a4 c5 17. g5 hxg5 18. Nxg5 d4 19. h4 dxe3 20. Qxe3 Nd5 21. Qe4 Nf6
22. Qe5 Qd4+ 23. Qxd4 cxd4 24. h5 Ng4 25. Rdg1 Nh6 26. Nf3 c5 27. Ne5 Rfd8 28.
Rg2 f6 29. Ng6 Ra7 30. Rhg1 Rd5 31. Rh1 1/2-1/2

[Event "POLFINAL MISTRZOSTW POLSKI JUNIOROW 2019 - D15"]
[Site "Ustron"]
[Date "1899-12-30"]
[Round "3.1"]
[White "Cieslak, Jessica"]
[Black "Zablocka, Marta"]
[Result "1-0"]
[WhiteTitle "I"]
[BlackTitle "I"]
[WhiteElo "1304"]
[BlackElo "1315"]

1. d4 Nf6 2. c4 e6 3. Nc3 b6 4. Nf3 Bb7 5. Bg5 Be7 6. e3 h6 7. Bh4 d6 8. Bd3 Nbd7
9. O-O O-O 10. Bc2 Re8 11. Qd3 Nf8 12. h3 N6h7 13. Bg3 Bxf3 14. gxf3 Bh4 15. Kh2
e5 16. dxe5 dxe5 17. Qxd8 Bxg3+ 18. fxg3 Raxd8 19. Rfd1 c6 20. Ba4 Rc8 21. Rd6
Red8 22. Rad1 Rxd6 23. Rxd6 c5 24. Nd5 Kh8 25. Ne7 Rc7 26. Nc6 f6 27. Rd8 Kg8
28. Ra8 Rd7 29. Rd8 Rxd8 30. Nxd8 Ng5 31. Kg2 Nfe6 32. Nc6 a6 33. Ne7+ Kf8 34.
Nd5 Nf7 35. Nxb6 Nd6 36. Bc6 Nc7 37. b3 a5 38. Nd7+ Ke7 39. Nxc5 Nf5 40. Kf2 Nxe3
41. Kxe3 Kd6 42. Nb7+ Kxc6 43. Nxa5+ Kc5 44. a3 Ne6 45. b4+ Kb6 46. Nb3 Nc7 47.
Ke4 g6 48. b5 Ne6 49. h4 Nc7 50. a4 h5 51. c5+ Kb7 52. f4 exf4 53. gxf4 Ne6 54.
f5 1-0

[Event "POLFINAL MISTRZOSTW POLSKI JUNIOROW 2019 - D15"]
[Site "Ustron"]
[Date "1899-12-30"]
[Round "3.2"]
[White "Szewczyk, Malwina"]
[Black "Franek, Diana"]
[Result "1/2-1/2"]
[WhiteTitle "I"]
[BlackTitle "I"]
[WhiteElo "1332"]
[BlackElo "1299"]

1. d4 d5 2. Nf3 Nc6 3. e3 a6 4. Bd3 Nf6 5. O-O e6 6. c3 Bd6 7. Nbd2 e5 8. e4 dxe4
9. Nxe4 exd4 10. Nxf6+ gxf6 11. cxd4 Bg4 12. Be4 Qd7 13. Qb3 O-O-O 14. d5 Ne5
15. Nxe5 Bxe5 16. Be3 f5 17. Bd3 f4 18. Ba7 f6 19. Bxa6 Qxd5 20. Qxd5 Rxd5 21.
f3 Bf5 22. Bc4 Rd7 23. Rad1 b6 24. Ba6+ Kd8 25. Rxd7+ Kxd7 26. Bb7 Bxb2 27. Rd1+
Ke7 28. Re1+ Be5 29. g3 Rg8 30. Bd5 Be6 31. Be4 Kf7 32. g4 h5 33. h3 h4 34. Re2
Rd8 35. Kg2 Ke7 36. Rc2 Bd5 37. Bxd5 Rxd5 38. Bb8 Kd7 39. Kf2 Kc8 40. Ba7 Kb7
41. Bxb6 cxb6 42. Ke2 Rb5 43. Kd3 Rc5 44. Re2 Rc3+ 45. Ke4 Kc6 46. Re1 Kd7 47.
Rd1+ Ke7 48. Rb1 Re3+ 49. Kf5 Rxf3 50. Rxb6 Rxh3 51. g5 f3 52. gxf6+ Bxf6 53.
Re6+ Kd7 54. Rxf6 Rh2 55. Ke4 Rxa2 56. Rxf3 Ke6 1/2-1/2

[Event "POLFINAL MISTRZOSTW POLSKI JUNIOROW 2019 - D15"]
[Site "Ustron"]
[Date "1899-12-30"]
[Round "3.3"]
[White "Czajkowska, Paulina"]
[Black "Kot, Ewelina"]
[Result "1/2-1/2"]
[WhiteTitle "II"]
[BlackTitle "I"]
[WhiteElo "1224"]
[BlackElo "1239"]

1. e4 e6 2. d4 d5 3. exd5 exd5 4. Bd3 Nf6 5. Nf3 Be7 6. O-O O-O 7. h3 Nc6 8. Nc3
Be6 9. Ne2 Qd7 10. Ng3 Bd6 11. Bg5 Bxg3 12. fxg3 Ne4 13. Bxe4 dxe4 14. Ne5 Qxd4+
15. Qxd4 Nxd4 16. c3 Nf5 17. Bf4 f6 18. Ng4 Nd6 19. Bxd6 cxd6 20. Ne3 d5 21. Rfd1
Rad8 22. g4 g6 23. Rd4 Rd7 24. Rad1 Rfd8 25. c4 dxc4 26. Rxd7 Rxd7 27. Rxd7 Bxd7
28. Nxc4 f5 29. g5 f4 30. Kf2 Bc6 31. Ne5 Kf8 32. Ng4 Kg7 33. h4 Bd5 34. a3 Kf8
35. g3 f3 36. Ke3 Kg7 1/2-1/2